MDQL
is popping MORE tags! Check the
thread
!
Quizzes
Events
Quiz Creation
Community
Videos
Private Events
Remove Ads
Sign In
Join for FREE
Feedback
Dark Mode
Quiz Categories
Sports
Geography
Music
Movies
Television
Just For Fun
Miscellaneous
History
Literature
Language
Science
Gaming
Entertainment
Religion
Holiday
For Kids
Quiz Lab
Recent
Popular Today
Quiz Kudos Today
Editor Picks
Curator Picks
Quizzes by...
Day
Popularity
Type
Ratings
Length
Year
Community
Subscriptions
Recent Discussions
Orange Saloon
Badges
Playlists
Quests
Create
Leaderboards
Showdown
Live 5
Trivia Bingo
Activity
Puzzle Library
Sporcle Events
Private Events
Virtual Trivia
Globe League
Become a Host
Pub Owners
SporcleCon
Opinionation
Our Games
Videos
Blog
Mobile Apps
Partnerships
Remove Ads and Go Orange
Feedback
Sports
Athletes
MLB
NBA
NHL
NFL
Soccer
Sports Teams
WWE
NCAA
Football
Premier League
Basketball
Baseball
Hockey
Golf
Tennis
Cricket
Rugby
Auto Racing
Olympics
World Cup
Sports
Athletes
MLB
NBA
NHL
NFL
Soccer
Sports Teams
WWE
NCAA
Football
Premier League
Basketball
Baseball
Hockey
Golf
Tennis
Cricket
Rugby
Auto Racing
Olympics
World Cup
Random Quiz
Search Sporcle
×
Quiz Lab
Quiz Lab
Sports
Baseball
Type in answers that appear in a list
Type in answers that appear in a list
Classic
Best Score? Go Orange.
Baseball Statistics Lingo Stats
Can you name the Baseball Lingo?
By
CountingCrowes
6m
39 Questions
3,839 Plays
3,839 Plays
3,839 Plays
Comments
Comments
Give Quiz Kudos
Give Quiz Kudos
-
- Ratings
hide this ad
Forced Order
Answers have to be entered in order
Answers have to be entered in order
Replay
Link that replays current quiz
Next Quiz
Link to next quiz in quiz playlist
You Got
0%
They Got
Avg Score
87%
Avg Friend Score
Upgrade to see
Score Distribution
Jump to the score distribution portion of the page
Score
0/39
Timer
06:00
0
Plays Today
Abbreviation
Term
% Correct
MLB
Major League Baseball
98.7%
1B
Single
98.1%
3B
Triple
98%
SS
Short Stop
97.5%
K
Strikeouts
97.2%
BB
Walks
97%
ERA
Earned Run Average
96.4%
RBI
Runs Batted In
96.2%
NYM
New York Mets
94.5%
HOU
Houston Astros
93.3%
OBP
On Base Percentage
93.1%
BOS
Boston Red Sox
92.9%
SB
Stolen Bases
92.9%
SLG
Slugging Percentage
92.7%
MIN
Minnesota Twins
92.6%
SEA
Seattle Mariners
92.6%
LAD
Los Angeles Dodgers
92.1%
HBP
Hit By Pitch
91.7%
IP
Innings Pitched
91.7%
AVG
Batting Average
91.4%
Abbreviation
Term
% Correct
NL
National League
90.9%
CF
Center Fielder
90.4%
SV
Save
90.4%
DH
Designated Hitter
90.4%
E
Error
88.5%
LHP
Left Handed Pitcher
88.4%
AB
At Bats
88.4%
CG
Complete Game
86.2%
TB
Total Bases
85.7%
CS
Caught Stealing
82.9%
SF
Sacrifice Fly
81.2%
SHO
Shutout
80.6%
DL
Disabled List
79.9%
XBH
Extra Base Hits
75.5%
GS
Games Started
73.7%
MiLB
Minor League Baseball
70.7%
WPCT
Winning Percentage
67%
OPS
On Base Percentage Plus Slugging Percentage
55.2%
WHIP
Walks and Hits Per Inning Pitched
47.9%
Quiz Playlist
Details
Report
Send in Message
Add To Playlist
Classic:
Type in answers that appear in a list
Forced Order:
Answers have to be entered in order
Last Updated: Feb 16, 2017
Quiz Scoreboard
CHALLENGE
Sign Up to Join the Scoreboard
Show All
Scores
Hide
Comments
May contain spoilers
Recently Published
Holiday 10x10 Sorting Gallery
by lukepisani3
Holiday
15m
Two Season TV Shows II
by 123Four
Television
10m
Image Sorting: Flags VI
by Barbecue
Geography
2m
More to Explore
Quiz From the Vault
Featured Blog Post
14 Easter Pick-up Lines to Find Eggs With
hide this ad
You Might Also Like...
Tags
Baseball Quiz
Abbreviation
Lingo
statistic
Term
Today's Top Quizzes in Sports
Browse Sports
hide this ad
Today's Top Quizzes in Baseball
Browse Baseball
Top Contributed Quizzes in Sports
1
Les meilleurs buteurs des matchs entre le PSG et l’OM
2
Les entraîneurs de l'OM et du PSG au 21e siècle
3
2022 World Cup Stars
4
Les joueurs passés par le PSG et l'OM
5
Players with Multiple 50 Home Run Seasons
6
FIFA Club World Cup Champions
7
Top 10 NHL Goal Scorers of All Time
8
Les joueurs passés par le LOSC et le RC Lens
9
Criteria MLB: Left Handed Sluggers
10
2023 MLB Unique Player Accomplishments
Explore More
Trending Topics
Disney
Anime
Marvel
Harry Potter
Kpop
NBA
Crossword
Puzzle
The Office
WWE
NFL
Pokémon
Soccer
Country
Song
hide this ad
More By:
CountingCrowes
Quiz
Plays
Rating
Category
Featured
Created
Baseball Statistics Lingo
3,839
3.05
Sports
Sep 29, 2009
Hangover Quotes
2,020
3.86
Movies
Jan 18, 2010
Children's Books Turned Into Movies
1,013
3.00
Movies
Oct 5, 2009
Go to Creator's Profile
Score Distribution
Quiz Creator Spotlight
CountingCrowes
Follow
Send a Message
Quizzes Created
-
Created Quiz Play Count
-
More By This Creator
Popular Quizzes Today
1
Find the US States - No Outlines Minefield
2
Colored Red Africa Blitz
3
Find the 'City' Movie
4
The Countries of the World
5
5x2 Blitz: Bands
6
Find the US States
7
Find the Countries of Europe - No Outlines Minefield
8
US States
More Sports Quizzes
Non-Football States
Published
Trending Quizzes
Colored Red Europe Blitz I
Colored Red Europe Blitz II
Colored Red Africa Blitz II
Colored Red Europe Blitz III
Colored Red Africa Blitz III
Recently Updated
Odd Team Out - Big 4 Players
pecheneg
Quick Pick: 20 Twenties
pecheneg
March Madness Men's Triple Doubles
pecheneg
How Do You Spell That?
pecheneg
Godzilla Movies
pecheneg
Grab Bag: 4-10 Letters
pecheneg
2024 March Madness Bracket
pecheneg
Famous TV Couples
Peacemaker
Champions League XIs: Real Madrid
pecheneg
Largest US Cities 1790-2010
pecheneg
Trending Topics
Anime
Disney
Kpop
Crossword
Harry Potter
NBA
Marvel
Puzzle
Country
NFL
Soccer
Pokémon
The Office
Song
WWE
Your Account Isn't Verified!
In order to create a playlist on Sporcle, you need to verify the email address you used during registration. Go to your
Sporcle Settings
to finish the process.
Report this User
Report this user for behavior that violates our
Community Guidelines
.
Details:
Send Report
Go to the Sporcle.com Mobile Site →
Comments